书目信息 |
| 题名: |
中国青少年体育俱乐部发展报告
|
|
| 作者: | 肖林鹏 , 孙荣会 , 陈洪 著 | |
| 分册: | 2016 | |
| 出版信息: | 北京 北京体育大学出版社 2017.06 |
|
| 页数: | 201页 | |
| 开本: | 23cm | |
| 丛书名: | 中国体育发展报告系列 | |
| 单 册: | ||
| 中图分类: | G812.16 | |
| 科图分类: | ||
| 主题词: | 青少年--体育--俱乐部--研究报告--中国--2016 | |
| 电子资源: | ||
| ISBN: | 978-7-5644-2609-5 | |
| 000 | 01189oam2 2200289 450 | |
| 001 | 0120182383196 | |
| 005 | 20180906144557.51 | |
| 010 | @a978-7-5644-2609-5@dCNY54.00 | |
| 100 | @a20180118d2017 em y0chiy50 ea | |
| 101 | 0 | @achi |
| 102 | @aCN@b110000 | |
| 105 | @aak z 000yy | |
| 106 | @ar | |
| 200 | 1 | @a中国青少年体育俱乐部发展报告@9zhong guo qing shao nian ti yu ju le bu fa zhan bao gao@h2016@f肖林鹏,孙荣会,陈洪等著 |
| 210 | @a北京@c北京体育大学出版社@d2017.06 | |
| 215 | @a201页@c图@d23cm | |
| 225 | 2 | @a中国体育发展报告系列 |
| 330 | @a本书选取了青少年体育俱乐部评估作为2016年度俱乐部发展报告的主题。“青少年体育俱乐部评估标准与实施细则”“示范性国家级青少年体育俱乐部评定”等这为本书的编辑提供了最基本素材。选取青少年体育俱乐部评估为本书主题。同时,把“青少年体育俱乐部现状调查”作为本书的另一个重要组成部分。 | |
| 333 | @a体育发展研究人员 | |
| 461 | 0 | @12001 @a中国体育发展报告系列 |
| 606 | 0 | @a青少年@x体育@x俱乐部@x研究报告@y中国@z2016 |
| 690 | @aG812.16@v5 | |
| 701 | 0 | @a肖林鹏@9xiao lin peng@4著 |
| 701 | 0 | @a孙荣会@9sun rong hui@4著 |
| 701 | 0 | @a陈洪@9chen hong@4著 |
| 801 | 0 | @aCN@b人天书店@c20180118 |
| 905 | @b1088140-44@dG812.16@e102(2016)@f5 | |
| 中国青少年体育俱乐部发展报告.2016/肖林鹏,孙荣会,陈洪等著.-北京:北京体育大学出版社,2017.06 |
| 201页:图;23cm.-(中国体育发展报告系列) |
| 使用对象:体育发展研究人员 |
| ISBN 978-7-5644-2609-5:CNY54.00 |
| 本书选取了青少年体育俱乐部评估作为2016年度俱乐部发展报告的主题。“青少年体育俱乐部评估标准与实施细则”“示范性国家级青少年体育俱乐部评定”等这为本书的编辑提供了最基本素材。选取青少年体育俱乐部评估为本书主题。同时,把“青少年体育俱乐部现状调查”作为本书的另一个重要组成部分。 |
| ● |
| 相关链接 |
|
|
|
|
正题名:中国青少年体育俱乐部发展报告
索取号:G812.16/102(2016)
 
预约/预借
| 序号 | 登录号 | 条形码 | 馆藏地/架位号 | 状态 | 备注 |
| 1 | 1088140 | 210881401 | 第一样本阅览室/ [索取号:G812.16/102(2016)] | 在馆 | |
| 2 | 1088141 | 210881410 | 教育系资料室/ [索取号:G812.16/102(2016)] | 在馆 | |
| 3 | 1088142 | 210881429 | 教育系资料室/ [索取号:G812.16/102(2016)] | 在馆 | |
| 4 | 1088143 | 210881438 | 第四借阅区/ [索取号:G812.16/102(2016)] | 在馆 | |
| 5 | 1088144 | 210881447 | 密集书库-体育系/ [索取号:G812.16/102(2016)] | 在馆 |